Dự án cấp nước đô thị Việt Nam: Kế hoạch tái định cư tiểu dự án cấp nước Hà Nam

Uloženo v:
Podrobná bibliografie
Korporativní autor: Bộ xây dựng (Việt Nam)
Médium: Kniha
Jazyk:Undetermined
Vydáno: Hà Nội Ngân hàng Thế giới 2004
Tagy: Přidat tag
Žádné tagy, Buďte první, kdo otaguje tento záznam!
Thư viện lưu trữ: Trung tâm Học liệu Trường Đại học Cần Thơ
LEADER 00605nam a2200169Ia 4500
001 CTU_62734
008 210402s9999 xx 000 0 und d
082 |a 363.7 
082 |b S678bđ 
110 |a Bộ xây dựng (Việt Nam) 
245 0 |a Dự án cấp nước đô thị Việt Nam: 
245 0 |b Kế hoạch tái định cư tiểu dự án cấp nước Hà Nam 
245 0 |c Bộ xây dựng (Việt Nam) 
260 |a Hà Nội 
260 |b Ngân hàng Thế giới 
260 |c 2004 
980 |a Trung tâm Học liệu Trường Đại học Cần Thơ